| 000 | 00546nam a22001817a 4500 | ||
|---|---|---|---|
| 005 | 20250224114212.0 | ||
| 010 | _aENG-143862 | ||
| 020 |
_c395.00 _a9789385500275 |
||
| 035 | _aEN-127394 | ||
| 037 | _bDBAD | ||
| 082 | _a365.641 | ||
| 100 |
_aSachdev, Parneet _978517 |
||
| 245 |
_aPrisons _cParneet Sachdev _bThe Six Secrets of LIfe |
||
| 260 |
_aPunjab _bFerntree Publishing _c2020 |
||
| 270 |
_bPunjab _a988, Sector 82 JLPL Ind. Park, SAS Nagar(Mohali) |
||
| 300 |
_a133pp. _c22cm(pbk) |
||
| 942 |
_2ddc _cEN _h365.641 _mSAC |
||
| 999 |
_c209648 _d209648 |
||